Best Engineering Schools - Statistics

General Stats
  • This quiz has been taken 245 times
  • The average score is 7 of 15
Answer Stats
Rank State Answer % Correct
1 MA Massachusetts Institute of Technology
98%
2 CA Stanford University
76%
5 CA California Institute of Technology
75%
7 GA Georgia Institute of Technology
72%
3 CA University of California--Berkeley
60%
8 IN Purdue University--West Lafayette
58%
14 NY Cornell University
49%
11 NY Columbia University (Fu Foundation)
47%
9 CA University of Southern California (Viterbi)
46%
5 MI University of Michigan--Ann Arbor
42%
4 PA Carnegie Mellon University
41%
11 CA University of California--San Diego (Jacobs)
35%
11 TX University of Texas--Austin (Cockrell)
22%
10 IN University of Illinois--Urbana-Champaign
9%
15 TX Texas A&M University—​College Station
6%
No matching quizzes found
Score Distribution
Percent of People with Each Score
Percentile by Number Answered
Your Score History
You have not taken this quiz